Title in the Lyrics Quiz #2 - Nirvana - Statistics

General Stats
  • This quiz has been taken 84 times
  • The average score is 12 of 17
Answer Stats
Song Lyric % Correct
{Come} {as} {you} {are} / As you where / As I want you to be
99%
I've been locked inside your {heart} {shaped} {box} / for weeks
93%
I think I'm {dumb} / Maybe I'm just happy
90%
{Polly} wants a cracker / Think I should get off for her first
86%
It is now my duty to completely {drain} {you}
84%
It's okay to eat fish / Cause they / Do not have any feelings / {Something} {in} {the} {way}
84%
Even if you have / even if you need / I don't mean to stare / We don't have to {breed}
82%
Your face / To face / With {the} {man} {who} {sold} {the} {world}
79%
You're in high {school} again / No recess
74%
I'm {on} {a} {plain} / I can't complain
68%
{Rape} {me} my friend / Am I the only one?
68%
Can you feel my {love} {buzz}
63%
I'm a {negative} {creep} / And I'm stoned!
63%
And if you wouldn't mind I would like to {blew}
52%
{Stay} {away} / God is gay
47%
{Big} {cheese} / Make me / Mine says / Go to office
37%
You go along and I sing your song / {Downer}
19%
No matching quizzes found
Score Distribution
Percent of People with Each Score
Percentile by Number Answered
Your Score History
You have not taken this quiz